The transmission of the pyramid texts of Nut analysis of their distribution and role in the old and middle kingdoms /

محفوظ في:

المؤلف الرئيسي: Morales, Antonio J., 1974- (مؤلف)

التنسيق: كتاب

اللغة: English

منشور في: Hamburg : Helmut Buske Verlag, [2017].

سلاسل: Studien zur altagyptischen Kultur. Beihefte ; 19.
SAK (Beihefte) ; 19.

الموضوعات:

الوسوم: إضافة وسم

لا توجد وسوم, كن أول من يضع وسما على هذه التسجيلة!

رقم الطلب: DT57 .S925 v.19

LEADER 01059namaa2200277 4500
003 OSt
005 20260422122438.0
008 130303s2017 gw a b 001 0 eng d
020 |a 9783875488197 
040 |c ARCE Library 
050 4 |a DT57 .S925 v.19 
100 1 |a Morales, Antonio J.,   |q (Antonio Javier),‏   |d 1974-,   |e author 
245 1 4 |a The transmission of the pyramid texts of Nut analysis of their distribution and role in the old and middle kingdoms /  |c Antonio J. Morales. 
264 1 |a Hamburg :  |b Helmut Buske Verlag,  |c [2017]. 
300 |a xxiv, 263 pages :  |b illustrations ;  |c 27 cm. 
490 1 |a Studien zur altagyptischen Kultur. Beihefte ;   |v 19. 
490 1 |a SAK (Beihefte) ;   |v 19. 
504 |a Includes bibliographical references and index. 
650 0 |a Pyramid texts  |x Language, style. 
650 0 |a Inscriptions, Egyptian. 
650 0 |a Funeral rites and ceremonies   |z Egypt. 
830 0 |a Studien zur altagyptischen Kultur. Beihefte ;   |v 19. 
830 0 |a SAK (Beihefte) ;   |v 19. 
901 |a reviewed 
942 |c BK  |2 lcc 
999 |c 7312  |d 7312